| 000 | 00937nac a22002171u 4500 | ||
|---|---|---|---|
| 010 | _a 94011362 | ||
| 020 | _a0070087148 (recycled paper) | ||
| 082 | 0 | 0 |
_a620/.001 _bB9184 |
| 090 |
_c119 _d119 |
||
| 100 | _aBuchanan, George R. | ||
| 245 | 1 | 0 |
_aSchaum's outline of theory and problems of finite element analysis / _cGeorge R. Buchanan. |
| 260 |
_aNew York : _bMcGraw-Hill, _cc1995. |
||
| 300 |
_aviii, 264 p. : _bill. ; _c28 cm. |
||
| 490 | 0 | _aSchaum's outline series | |
| 650 | 0 | _aFinite element method. | |
| 740 | 0 | _aFinite element analysis. | |
| 856 | 4 | 2 |
_3Publisher description _uhttp://www.loc.gov/catdir/description/mh022/94011362.html |
| 856 | 4 | 2 |
_3Table of contents _uhttp://www.loc.gov/catdir/toc/mh022/94011362.html |
| 942 |
_cBB _k620.001B9184 |
||
| 999 |
_c119 _d119 |
||